00527nam a2200181Ia 4500008004100000082001600041100002500057245002100082250000800103260002800111300001100139500002400150650001400174700002700188942000700215952010600222999001700328230524s9999 xx 000 0 und d a658.43bMUB aAbdul Mumbeen931123 0aMaterial Science a2ND aNEW DELHIbKhannac2004 aXI;716 aQuantity Number: 1 aChemistry a Farhat Mumbeen931124 cBK 00104070aTATCLbTATCLcGENd2023-05-24l0o658.43 MUBp32585r2023-05-24w2023-05-24yBKzBSCC2205 c44277d44277